[Event "U18 Spanish Rapid Championship"]
[Site ""]
[Date "2017.08.06"]
[Round "9"]
[White "Chao Vale, Fernando"]
[Black "Plazuelo Pascual, Juan"]
[Result "0-1"]
[BlackTitle "FM"]
[WhiteElo "1848"]
[BlackElo "2109"]
[Board "4"]
[WhiteClock "0:10.05"]
[WhiteCountry "ESP"]
[WhiteFideId "22241663"]
[BlackClock "0:10.05"]
[BlackCountry "ESP"]
[BlackFideId "32059566"]
[WhiteEloChange "-4"]
[BlackEloChange "4"]

1. e4 e6 2. e5 d5 3. exd6 Bxd6 4. d4 Nf6 5. Nf3 b6 6. Bd3 Bb7 7. c3 Nbd7 8.
O-O O-O 9. Bg5 c5 10. dxc5 Nxc5 11. Bc2 h6 12. Bh4 Be7 13. Bg3 Ba6 14. Qxd8
Rfxd8 15. Re1 Nd3 16. Bxd3 Bxd3 17. Nbd2 Ba6 18. Nb3 Bb7 19. Ne5 Ne4 20.
Rad1 Nxg3 21. hxg3 Rxd1 22. Rxd1 Rd8 23. Rxd8+ Bxd8 24. Kf1 Kf8 25. Nd4 Bc7
26. Nef3 Ke7 27. Ke2 Bb8 28. Ke3 g6 29. c4 f5 30. Ne2 e5 31. Nc3 Ke6 32. a3
g5 33. b4 g4 34. Ne1 f4+ 35. gxf4 exf4+ 36. Kd3 h5 37. f3 Be5 38. Ne4 Kf5
39. c5 h4 40. Nd6+ Bxd6 41. cxd6 Ke6 42. Ke2 g3 43. Kd3 Kxd6 44. Kd4 Ke6
45. a4 Kf5 46. a5 Ba6 47. Kd5 bxa5 48. bxa5 Bf1 0-1

[Event "U18 Spanish Rapid Championship"]
[Site ""]
[Date "2017.08.06"]
[Round "9"]
[White "Domingo Nunez, Alejandro"]
[Black "Mari Copa, Adria"]
[Result "1-0"]
[WhiteTitle "FM"]
[WhiteElo "2023"]
[BlackElo "1769"]
[Board "5"]
[WhiteClock "0:10.05"]
[WhiteCountry "ESP"]
[WhiteFideId "22245561"]
[BlackClock "0:10.05"]
[BlackCountry "ESP"]
[BlackFideId "22276122"]
[WhiteEloChange "4"]
[BlackEloChange "-4"]

1. e4 d6 2. d4 Nf6 3. Nc3 e5 4. Nf3 Nbd7 5. Bc4 Be7 6. O-O O-O 7. h3 exd4
8. Nxd4 Nb6 9. Be2 c5 10. Nf3 d5 11. exd5 Nbxd5 12. Nxd5 Nxd5 13. c3 Be6
14. Qc2 h6 15. Rd1 Qc7 16. Qa4 Rfd8 17. Bd2 a6 18. Rac1 Rac8 19. Qe4 Nf6
20. Qb1 Rd7 21. c4 Rcd8 22. Qc2 b6 23. Re1 Qb7 24. Bc3 Qe4 25. Qb3 b5 26.
Ne5 Rd6 27. Bg4 bxc4 28. Qa4 Qb7 29. Nxc4 Bxc4 30. Qxc4 Nxg4 31. Qxg4 Rg6
32. Qe4 Qxe4 33. Rxe4 Rgd6 34. Rxe7 1-0

[Event "U18 Spanish Rapid Championship"]
[Site ""]
[Date "2017.08.06"]
[Round "9"]
[White "Garcia Martin, Marta"]
[Black "Rodriguez Mellado, Antonio"]
[Result "1-0"]
[WhiteTitle "FM"]
[WhiteElo "2026"]
[BlackElo "1984"]
[Board "7"]
[WhiteClock "0:10.03"]
[WhiteCountry "ESP"]
[WhiteFideId "32084030"]
[BlackClock "0:10.05"]
[BlackCountry "ESP"]
[BlackFideId "22243038"]
[WhiteEloChange "9"]
[BlackEloChange "-9"]

1. e4 d5 2. exd5 Qxd5 3. Nc3 Qd6 4. d4 Nf6 5. Nf3 g6 6. Nb5 Qb6 7. c4 c6 8.
Nc3 Bg7 9. Be2 O-O 10. h3 Na6 11. O-O Bf5 12. Nh4 Be6 13. b3 Rad8 14. Be3
Qa5 15. Qd2 Rfe8 16. Rad1 Bc8 17. f4 e6 18. Bf3 e5 19. d5 exf4 20. Bxf4 Nc5
21. Bg5 h6 22. Be3 g5 23. Bd4 gxh4 24. Bxf6 Bxf6 25. Ne4 Qxd2 26. Nxf6+ Kf8
27. Rxd2 Re5 28. Bg4 cxd5 29. Bxc8 Rxc8 30. Nxd5 Rd8 31. Rdf2 Rd7 32. Rf4
Re2 33. R1f2 Re1+ 34. Rf1 Re2 35. R4f2 Re5 36. Nf6 Rd6 37. Nd5 Rd7 38. Kh2
Ne4 39. Re2 f5 40. Rfe1 Kg7 41. Nc3 Rde7 42. Nb5 a6 43. Nd4 Kf6 44. Nf3 Rc5
45. Nxh4 Rc8 46. g4 Rd7 47. Nxf5 Ng5 48. Rf1 Rd3 49. Nd6+ Nf3+ 50. Rxf3+
1-0

[Event "U18 Spanish Rapid Championship"]
[Site ""]
[Date "2017.08.06"]
[Round "9"]
[White "Nieves Cabanes, Jose Manuel"]
[Black "Alfaya Marcelo, Roberto"]
[Result "1/2-1/2"]
[WhiteTitle "FM"]
[WhiteElo "2011"]
[BlackElo "1908"]
[Board "8"]
[WhiteClock "0:10.05"]
[WhiteCountry "ESP"]
[WhiteFideId "22245715"]
[BlackClock "0:10.05"]
[BlackCountry "ESP"]
[BlackFideId "32026935"]
[WhiteEloChange "-3"]
[BlackEloChange "3"]

1. Nf3 Nf6 2. c4 c5 3. g3 b6 4. Bg2 Bb7 5. O-O e6 6. Nc3 Be7 7. Re1 d6 8.
e4 O-O 9. d4 cxd4 10. Nxd4 Qc7 11. Ndb5 Qc8 12. Nxd6 Bxd6 13. Qxd6 Rd8 14.
Qf4 Qxc4 15. Be3 Na6 16. Rac1 Qb4 17. Qh4 Rd7 18. Bg5 Ne8 19. Re2 Qf8 20.
a3 Nc5 21. b4 Nb3 22. Rb1 Nd4 23. Ree1 Rc8 24. Ne2 Rc2 25. Nxd4 Rxd4 26.
Be7 g5 27. Bxg5 Ra2 28. Bh6 Qd6 29. Qg5+ Kh8 30. e5 Qd7 31. Bxb7 Qxb7 32.
Qe3 Rdd2 33. Qxd2 Rxd2 34. Bxd2 h5 35. Bg5 Qf3 36. a4 Nc7 37. Rbc1 Nd5 38.
b5 Kh7 39. h4 Kg6 40. Rc4 Nc3 41. Re3 Ne2+ 42. Kf1 Nxg3+ 43. Ke1 Qh1+ 44.
Kd2 Nf1+ 45. Ke2 Nxe3 46. Kxe3 Qd5 47. Re4 Qb3+ 48. Ke2 Qc2+ 49. Ke3 Qc1+
50. Ke2 Qb1 51. f3 Kg7 52. Bf6+ Kh7 53. Ke3 Qc1+ 54. Ke2 Qc2+ 55. Ke3 Qc5+
56. Ke2 Kg8 57. Bg5 Kf8 58. Bf6 Ke8 59. Bg5 Kd7 60. Bf6 Kc7 61. Bg5 Kb7 62.
Be3 Qc2+ 63. Bd2 Qb2 64. Ke3 f5 65. exf6 Qxf6 66. Ke2 Qf5 67. Be3 Kc8 68.
Rc4+ Kd7 69. Rd4+ Ke8 70. Re4 Kf7 71. Bg5 Qd5 72. Be3 e5 73. Bd2 Ke6 74.
Bc3 Qb3 75. Bxe5 Qc2+ 76. Ke3 Qc1+ 77. Ke2 Qc2+ 1/2-1/2

[Event "U18 Spanish Rapid Championship"]
[Site ""]
[Date "2017.08.06"]
[Round "9"]
[White "Martin Carmona, Gaston Manuel"]
[Black "Redondo Benavente, Ana"]
[Result "1/2-1/2"]
[BlackTitle "WFM"]
[WhiteElo "1958"]
[BlackElo "1835"]
[Board "10"]
[WhiteClock "0:09.52"]
[WhiteCountry "ESP"]
[WhiteFideId "22284567"]
[BlackClock "0:10.05"]
[BlackCountry "ESP"]
[BlackFideId "32021674"]
[WhiteEloChange "-3"]
[BlackEloChange "3"]

1. h3 d5 2. a3 e5 3. c4 c6 4. cxd5 cxd5 5. d4 exd4 6. Nf3 Nc6 7. Nxd4 Bd6
8. Nc3 Nge7 9. g4 h5 10. g5 Be5 11. Nf3 d4 12. Nxe5 Nxe5 13. Ne4 Bf5 14.
Ng3 Bg6 15. Bg2 N7c6 16. b4 h4 17. Ne4 d3 18. O-O Bxe4 19. Bxe4 Qd4 20.
Bxc6+ bxc6 21. Be3 Qd7 22. Kh2 Rd8 23. exd3 Nxd3 24. Qf3 Qd6+ 25. Kg2 Ne5
26. Qe4 O-O 27. Rad1 Qe6 28. Bc5 Rfe8 29. Rxd8 Rxd8 30. Re1 Nd3 31. Qxe6
fxe6 32. Re4 Nxc5 33. bxc5 Rd5 34. Rxe6 Rxg5+ 35. Kf3 Rxc5 36. Kg4 Kf7 37.
Re3 g5 38. Rb3 Kg6 39. Rb4 Rd5 40. Rc4 c5 41. Kf3 Kf5 42. Ra4 Rd3+ 43. Kg2
Rd7 44. Kf3 Rc7 45. Rc4 Rc6 46. Ke3 Ke5 47. a4 Kd5 48. Rg4 Rg6 49. Kd3 a6
50. f4 c4+ 51. Kc3 Ke4 52. fxg5+ Kf5 53. Rxh4 Rxg5 54. Kxc4 Ke5 55. Rd4 Rg1
56. Rd3 Rc1+ 57. Rc3 Ra1 58. Kb4 Kd4 59. h4 Rb1+ 60. Rb3 a5+ 61. Ka3 Ra1+
62. Kb2 Rxa4 63. h5 Ke5 64. Rh3 Rb4+ 65. Kc3 Rb8 66. Kc4 Kf5 67. Rd3 Rh8
68. Rd5+ Kg4 69. Rd2 Rxh5 70. Kb3 Kf4 71. Re2 Rc5 72. Ka4 Kf3 73. Re8 Kf4
74. Re2 Kf3 75. Re1 Kf2 76. Re4 Kf3 77. Re1 Kf2 78. Re6 Kf3 79. Re7 Kf2 80.
Re6 Kf3 1/2-1/2